Quizzes
Events
Quiz Creation
Community
Videos
Private Events
Remove Ads
Sign In
Join for FREE
Feedback
Dark Mode
Quiz Categories
Sports
Geography
Music
Movies
Television
Just For Fun
Miscellaneous
History
Literature
Language
Science
Gaming
Entertainment
Religion
Holiday
For Kids
Quiz Lab
Recent
Popular Today
Quiz Kudos Today
Editor Picks
Curator Picks
Quizzes by...
Day
Popularity
Type
Ratings
Length
Year
Community
Subscriptions
Recent Discussions
Orange Saloon
Badges
Playlists
Quests
Create
Leaderboards
Showdown
Live 5
Trivia Bingo
Activity
Puzzle Library
Sporcle Events
Private Events
Virtual Trivia
Globe League
Become a Host
Pub Owners
SporcleCon
Opinionation
Our Games
Videos
Blog
Mobile Apps
Partnerships
Remove Ads and Go Orange
Feedback
Television
TV Characters
TV Show
Sitcom
Network
Friends
Reality Shows
Cast
South Park
Star Trek
The Simpsons
Doctor Who
Television
TV Characters
TV Show
Sitcom
Network
Friends
Reality Shows
Cast
South Park
Star Trek
The Simpsons
Doctor Who
Random Quiz
Search Sporcle
×
Quiz Lab
Quiz Lab
Television
TV Show
Type in answers that appear in a list
Type in answers that appear in a list
Classic
Best Score? Go Orange.
Guess The Television Show Stats
Can you name the Guess The Television Show?
By
yizzleboy
10m
23 Questions
328 Plays
328 Plays
328 Plays
Comments
Comments
Give Quiz Kudos
Give Quiz Kudos
-
- Ratings
hide this ad
Random Order
Randomize order of answers
Randomize order of answers
Replay
Link that replays current quiz
Next Quiz
Link to next quiz in quiz playlist
You Got
0%
They Got
Avg Score
51%
Avg Friend Score
Upgrade to see
Score Distribution
Jump to the score distribution portion of the page
Score
0/23
Timer
10:00
0
Plays Today
Character(s)
Television Show
% Correct
Chandler Bing, Phoebe Buffay, Rachel Green
Friends
91.8%
People Auditioning & Competing For A Record Contract With A Panel Of Famous Judges
American Idol
78.7%
Samantha Jones, Charlotte York, Miranda Hobbes, Carrie Bradshaw
Sex And The City
76.5%
Richard Cunningham, Joanie, Chachie, Fonzy
Happy Days
75.6%
Laverne DeFazio, Shirley Feeney
Laverne & Shirley
72.6%
Dorothy Zbornak, Rose Nylund, Sophia Petrillo, Blanche Devereaux
The Golden Girls
71.3%
Barney Stinson, Ted Mosby, Robin Scherbatsky
How I Met Your Mother
69.5%
Leonard Hofstadter, Sheldon Cooper, Penny
The Big Bang Theory
69.2%
Doogie Howser
Doogie Howser, MD
67.1%
Fran Fine, Niles, Maxwell Sheffield
The Nanny
66.8%
People In A House Competing For Power & Half A Million Dollars
Big Brother
62.2%
Jack Tripper, Janet, Chrissy
Three's Company
61.6%
Character(s)
Television Show
% Correct
Lynette Scavo, Gabrielle Solis, Bree Van De Kamp, Susan Delfino
Desperate Housewives
50.9%
Will Schuester, Rachel Berry, Kurt Hummel
Glee
49.1%
People Go To Kleinmen's To FInd The Wedding Dress Of Their Dreams
Say Yes To The Dress
43.6%
Phil Dunfey, Mitchell Pritchitt, Gloria, Cam, Claire, Jay
Modern Family
43.6%
Steve McGarrett, Danny 'Danno' Williams, Chin-
Ho, Kono
Hawaii Five-0
34.5%
Lucas Scott, Brooke Davis, Haley James Scott
One Tree Hill
34.5%
Comedienne Kathy Griffin Films Her Life
My Life On The D-List
31.7%
EJ DiMera, Sami Brady, Daniel Jonas
Days Of Our Lives
15.5%
Robert Ford, Viki Banks, Dorian Lord, Todd Manning, Blair Cramer
One Life To Live
13.7%
Aliya Jasmine & A Panel Of Five Gay Man Answering Twenty Questions
1 Girl 5 Gays
6.4%
PJ Franklin, Bobby Newman, Mike Callahan
My Boys
5.5%
Quiz Playlist
Details
Report
Send in Message
Add To Playlist
Classic:
Type in answers that appear in a list
Random Order:
Randomize order of answers
Last Updated: Feb 16, 2017
Quiz Scoreboard
CHALLENGE
Sign Up to Join the Scoreboard
Show All
Scores
Hide
Comments
May contain spoilers
Recently Published
Billboard Blitz: Fleetwood Mac
by CooCooCachoo
Music
15s
Presidents Visiting Landmarks
by Hejman
History
7m
An Introduction to Baseball
by treessimontrees
Sports
5m
More to Explore
Quiz From the Vault
Featured Blog Post
Where Did the Easter Bunny Come From?
hide this ad
You Might Also Like...
Tags
TV Show Quiz
Golden Girls
Today's Top Quizzes in Television
Browse Television
hide this ad
Today's Top Quizzes in TV Show
Browse TV Show
Top Contributed Quizzes in Television
1
5-to-1: The Simpsons Families
2
5-to-1: Television Doctors
3
7-to-1: TV Show Settings
4
One Piece Logic Puzzle
5
5-to-1: Streaming Originals
6
Survivor Seasons
7
Survivor Logic Puzzle: Heroes vs. Villains
8
TV Shows by First Names
9
Survivor Season by Logo
10
One Thing in Common: Television
Explore More
Trending Topics
NBA
Marvel
Disney
Kpop
Anime
Harry Potter
Crossword
The Office
Country
Puzzle
Pokémon
NFL
Song
WWE
Soccer
hide this ad
More By:
yizzleboy
Quiz
Plays
Rating
Category
Featured
Created
Guess The Television Show
328
2.11
Television
Jan 24, 2011
One Life To Live Actors
170
5.00
Television
Jan 18, 2011
Go to Creator's Profile
Score Distribution
Quiz Creator Spotlight
yizzleboy
Follow
Send a Message
Quizzes Created
-
Created Quiz Play Count
-
More By This Creator
Popular Quizzes Today
1
Find the US States - No Outlines Minefield
2
Find the Countries of Europe - No Outlines Minefield
3
The Countries of the World
4
Find the US States
5
US States
6
Popular People in 1961
7
Risky Map Clicking: Biggest States A-Z
8
Movies - When Are They Set?
More Television Quizzes
1960's TV Character Occupations
Curator's Pick
Trending Quizzes
Risky Map Clicking: Least Populous States A-Z
1-10 Letter G Words
1-10 Letter F Words
Risky Map Clicking: Next State Alphabetically
Risky Map Clicking: Biggest States A-Z
Recently Updated
Leaping Animals
pecheneg
Reality TV Shows (A-Z)
bhenderson79
Rickey Henderson's Hall of Fame Teammates
pecheneg
Champions League XIs: Arsenal
pecheneg
Quick Pick: Celebrities in WWE's Hall of Fame
aduchscher
A-Z Keypad Blitz II
pecheneg
Multiple Oscar Actors
pecheneg
Mystery Phrase Blitz: Oscar 'Best Actors'
pecheneg
F. Scott Fitzgerald Novels
LTH
Pick 3 Villains
ddd62291
Trending Topics
Marvel
Harry Potter
Anime
Disney
Kpop
Crossword
NBA
Soccer
Country
The Office
WWE
Pokémon
NFL
Puzzle
Song
Your Account Isn't Verified!
In order to create a playlist on Sporcle, you need to verify the email address you used during registration. Go to your
Sporcle Settings
to finish the process.
Report this User
Report this user for behavior that violates our
Community Guidelines
.
Details:
Send Report
Go to the Sporcle.com Mobile Site →
Comments